| 000 | 01377cam a2200361 i 4500 | ||
|---|---|---|---|
| 999 |
_c57985 _d57985 |
||
| 001 | 17745114 | ||
| 005 | 20210416132044.0 | ||
| 008 | 130520s2013 enkab b 001 0 eng | ||
| 010 | _a 2013409061 | ||
| 020 | _a9780199694754 | ||
| 040 |
_aDLC _beng _cDLC _erda _dDLC |
||
| 042 | _apcc | ||
| 050 | 0 | 0 |
_aJN30 _b.E9419 2013 |
| 080 | _a341.242/2 C-58 | ||
| 245 | 0 | 0 |
_aEuropean Union politics / _c[edited by] Michelle Cini, Nieves Pérez-Soló́rzano Borragá́n. |
| 250 | _aFourth edition. | ||
| 264 | 1 |
_aOxford : _bOxford University Press, _c[2013] |
|
| 300 |
_axxxix, 450 pages : _billustrations, map ; _c25 cm |
||
| 336 |
_atext _2rdacontent |
||
| 337 |
_aunmediated _2rdamedia |
||
| 338 |
_avolume _2rdacarrier |
||
| 504 | _aIncludes bibliographical references (pages 411-436) and index. | ||
| 610 | 2 | 0 |
_aEuropean Union _vTextbooks. _911409 |
| 651 | 0 |
_aEuropean Union countries _xPolitics and government _vTextbooks. _911059 |
|
| 653 | _aEuropean Union Politics | ||
| 653 | _aევროკავშირის პოლიტიკა | ||
| 653 | _aსამართალი | ||
| 700 | 1 |
_aCini, Michelle. _911410 |
|
| 700 | 1 |
_aBorragan, Peres-Solorzano _911411 |
|
| 906 |
_a7 _bcbc _corignew _d2 _encip _f20 _gy-gencatlg |
||
| 942 |
_2udc _cBK |
||
| 955 |
_bre12 2013-05-20 _ire04 2013-09-04 _bre12 2013-09-04 to BCCD _atd11 2013-12-19 diacritics corrected in 245c |
||